| 000 | 00649nam a2200217 u 4500 | ||
|---|---|---|---|
| 005 | 20250116063856.0 | ||
| 008 | 161122s2012 r 000 0 eng d | ||
| 020 | _a9788483197332 | ||
| 035 | _aUPN01000214848 | ||
| 049 | _aCG | ||
| 050 | 4 |
_aLB41 _bA2.6 |
|
| 100 | 1 |
_aAcaso, María, _d1970- _940082 |
|
| 245 | 1 | 0 |
_aPedagogías invisibles : _bel espacio del aula como discurso / _cMaría Acaso ; con la colab. de Clara Megías. |
| 260 |
_aMadrid : _bLos Libros de la Catarata, _c2012. |
||
| 300 | _a191 p. | ||
| 440 | 0 |
_aCatarata ; _v412 |
|
| 650 | 4 |
_aEducación _9682 |
|
| 700 | 1 |
_aMegías, Clara, _ecolab. |
|
| 905 | _aLibro | ||
| 999 |
_c186948 _d186948 |
||